Alas de libertad en la investigación educativa multidisciplinaria (Record no. 209423)

MARC details
000 -CABECERA
campo de control de longitud fija 02056nam a2200289 a 4500
003 - IDENTIFICADOR DEL NÚMERO DE CONTROL
campo de control MX-MxUPN
005 - FECHA Y HORA DE LA ÚLTIMA TRANSACCIÓN
campo de control 20230607100502.0
007 - CAMPO FIJO DE DESCRIPCIÓN FÍSICA--INFORMACIÓN GENERAL
campo de control de longitud fija cr |||aaa|||||
008 - ELEMENTOS DE LONGITUD FIJA--INFORMACIÓN GENERAL
campo de control de longitud fija 230323s2019 mx ||||fob||| 000 0 spa d
020 ## - NÚMERO INTERNACIONAL NORMALIZADO PARA LIBROS
Número Internacional Estándar del Libro 9786073022095 (electrónico)
040 ## - FUENTE DE LA CATALOGACIÓN
Centro catalogador/agencia de origen MX-MxUPN
Lengua de catalogación spa
Centro/agencia transcriptor MX-MxUPN
041 0# - CÓDIGO DE IDIOMA
Código de lengua del texto/banda sonora o título independiente spa
050 14 - SIGNATURA TOPOGRÁFICA DE LA BIBLIOTECA DEL CONGRESO
Número de clasificación LB1028
245 00 - MENCIÓN DE TÍTULO
Título Alas de libertad en la investigación educativa multidisciplinaria
Medio [recurso electrónico en línea]
250 ## - MENCIÓN DE EDICIÓN
Mención de edición Primera edición digital.
260 ## - PUBLICACIÓN, DISTRIBUCIÓN, ETC.
Lugar de publicación, distribución, etc. México :
Nombre del editor, distribuidor, etc. Universidad Nacional Autónoma de México, Facultad de Estudios Superiores Acatlán,
Fecha de publicación, distribución, etc. 2019.
300 ## - DESCRIPCIÓN FÍSICA
Extensión 1 recurso en línea :
Otras características físicas PDF
506 0# - NOTA DE RESTRICCIONES AL ACCESO
Limitaciones de acceso Acceso abierto.
504 ## - NOTA DE BIBLIOGRAFÍA, ETC.
Nota de bibliografía, etc. Incluye referencias bibliográficas.
505 00 - NOTA DE CONTENIDO CON FORMATO PREESTABLECIDO
Título J.G. Fitch y Maurice de Fleury, autores olvidados de la pedagogía porfirista /
Mención de responsabilidad Enrique García y Moisés --
Título Intelectuales académicos en México. Dos sentidos de interpretación /
Mención de responsabilidad Graciela Carrazco López --
Título Las políticas de equidad en la Educación Media Superior en México (1994-2012) /
Mención de responsabilidad Javier Rafael García García --
Título La revolución de la pedagogía, enseñar y aprender en el contexto de las Tecnologías de la Información y la Comunicación (TIC) /
Mención de responsabilidad Carlos Ramírez Sámano --
Título Presupuesto de la educación ciudadana: rehabilitación de la virtud cívica /
Mención de responsabilidad J. Alejandro Salcedo Aquino --
Título Educación y pedagogía desde el pensamiento de Paulo Freire /
Mención de responsabilidad Ignacio Pineda Pineda --
Título La investigación grupal comprometida en el arranque del milenio. Nadando hacia la libertad, el conocimiento y la sabiduría, con riesgos de tiburones, aguas contaminadas y redes /
Mención de responsabilidad Jaime Peña Ramírez --
Título El papel de la didáctica reflexiva en la formación de docentes universitarios /
Mención de responsabilidad Leticia García Solano.
650 #4 - ASIENTO SECUNDARIO DE MATERIA - TERMINO TEMATICO
Término de materia o nombre geográfico como elemento de entrada Educación
Subdivisión general Investigación
Subdivisión geográfica México
9 (RLIN) 9022
650 #4 - ASIENTO SECUNDARIO DE MATERIA - TERMINO TEMATICO
Término de materia o nombre geográfico como elemento de entrada Pedagogía crítica
Subdivisión geográfica México
9 (RLIN) 48536
700 1# - ASIENTO SECUNDARIO--NOMBRE DE PERSONAL
Nombre de persona Peña Ramírez, Jaime,
Fechas asociadas al nombre 1948-
9 (RLIN) 48532
Término indicativo de función/relación coordinación
856 40 - LOCALIZACIÓN Y ACCESO ELECTRÓNICOS
Identificador Uniforme del Recurso <a href="http://www.librosoa.unam.mx/handle/123456789/2839">http://www.librosoa.unam.mx/handle/123456789/2839</a>
902 ## - ELEMENTOS DE DATOS B LOCAL, LDB (RLIN)
Creó Víctor Ruiz/230323
942 ## - ELEMENTOS DE PUNTO DE ACCESO ADICIONAL (KOHA)
Fuente del sistema de clasificación o colocación Library of Congress Classification
Tipo de ítem Koha Libro Electrónico
Holdings
Estado de retiro Estado de pérdida Fuente del sistema de clasificación o colocación Estado dañado No para préstamo Código de colección Localización permanente Ubicación/localización actual Ubicación en estantería Fecha de adquisición Total de préstamos Clasificación Fecha visto por última vez Identificador Uniforme del Recurso Precio válido a partir de Tipo de ítem Koha
    Library of Congress Classification     Acceso abierto Bib. Gregorio Torres Quintero Bib. Gregorio Torres Quintero En línea 23/03/2023   LB1028 23/03/2023 http://www.librosoa.unam.mx/handle/123456789/2839 23/03/2023 Libro Electrónico